Theologia Dogm. Moral et Scholast in gratiam y juvamen Studiose Juventutis Francisscana FF. Minor Recollectorum (Record no. 10904)

MARC details
000 -CABECERA
campo de control de longitud fija 01311nam a22002417a 4500
001 - NÚMERO DE CONTROL
campo de control BRCA_9284
003 - IDENTIFICADOR DEL NÚMERO DE CONTROL
campo de control FranzMayer
005 - FECHA Y HORA DE LA ÚLTIMA TRANSACCIÓN
campo de control 20230724112652.0
008 - DATOS DE LONGITUD FIJA--INFORMACIÓN GENERAL
campo de control de longitud fija 230721b |||||||| |||| 00| 0 eng d
040 ## - FUENTE DE LA CATALOGACIÓN
Centro catalogador/agencia de origen MFM
Lengua de catalogación esp
Centro/agencia transcriptor MFM
050 #4 - SIGNATURA TOPOGRÁFICA DE LA BIBLIOTECA DEL CONGRESO
Número de clasificación LE55
Número de documento/Ítem H46 1785
082 ## - NÚMERO DE LA CLASIFICACIÓN DECIMAL DEWEY
Número de edición BT1103
100 1# - ENTRADA PRINCIPAL--NOMBRE DE PERSONA
Código de función/relación Autor
Nombre de persona Henno, Francisci
9 (RLIN) 28921
240 1# - TÍTULO UNIFORME
Título uniforme Theologia Dogm. Moral et Scholast in gratiam y juvamen Studiose Juventutis Francisscana FF. Minor Recollectorum
Medio Tomus Septimus. Complectens Tractatus de Sacramentis in genere et specie
Lenguaje de la obra Italiano
245 0# - MENCIÓN DE TÍTULO
Título Theologia Dogm. Moral et Scholast in gratiam y juvamen Studiose Juventutis Francisscana FF. Minor Recollectorum
Resto del título Tomus Septimus. Complectens Tractatus de Sacramentis in genere et specie
260 ## - PUBLICACIÓN, DISTRIBUCIÓN, ETC.
Lugar de publicación, distribución, etc. Venecia, Italia
Nombre del editor, distribuidor, etc. Haeredis Nicolai Pezzana
Fecha de publicación, distribución, etc. 1785
300 ## - DESCRIPCIÓN FÍSICA
Extensión 646 p
Dimensiones 17 cm
440 ## - MENCIÓN DE SERIE/PUNTO DE ACCESO ADICIONAL--TÍTULO
Título Theologia Dogm. Moral et Scholast in gratiam y juvamen Studiose Juventutis Francisscana FF. Minor Recollectorum
Número de parte o sección de la obra Tomus Septimus. Complectens Tractatus de Sacramentis in genere et specie
Nombre de parte o sección de la obra Tomo VII
Designación de volumen o secuencia Vol. VII
9 (RLIN) 28922
505 0# - NOTA DE CONTENIDO CON FORMATO
Nota de contenido con formato Texto en: italianoDirigido a: teólogos, historiadores, obispos.Incluye índice temático
650 1# - PUNTO DE ACCESO ADICIONAL DE MATERIA--TÉRMINO DE MATERIA
Fuente del encabezamiento o término Religión
Término de materia o nombre geográfico como elemento de entrada Doctrinas teológicas
Subdivisión de forma Teología católica
9 (RLIN) 28923
651 2# - PUNTO DE ACCESO ADICIONAL DE MATERIA--NOMBRE GEOGRÁFICO
Fuente del encabezamiento o término Filosofía
Nombre geográfico Ética
Subdivisión de forma Moral
9 (RLIN) 28924
942 ## - ELEMENTOS DE PUNTO DE ACCESO ADICIONAL (KOHA)
Fuente del sistema de clasificación o colocación Library of Congress Classification
Tipo de ítem Koha Libros
Holdings
Estado de retiro Estado de pérdida Fuente del sistema de clasificación o colocación Estado dañado No para préstamo Código de colección Localización permanente Ubicación/localización actual Fecha de adquisición Fuente de adquisición Total de préstamos Signatura topográfica completa Código de barras Fecha visto por última vez Precio válido a partir de Tipo de ítem Koha
El ejemplar forma parte de la colección y puede ser consultado según las políticas vigentes.   Library of Congress Classification     Conventual Franz Mayer Biblioteca del Museo Franz Mayer (Rogerio Casas-Alatriste) Biblioteca del Museo Franz Mayer (Rogerio Casas-Alatriste) 21/07/2023 Donación   LE55 H46 1785 CFM00520 21/07/2023 21/07/2023 Libros